00359nam a2200145Ia 4500008004100000020001800041041000800059082001400067100001600081245004100097260003900138300000900177500001000186650001700196220803s9999 xx 000 0 und d a9788131606223 aeng a711.4 BRI aBrito O Ed. aUnderstanding Urban Poverty In India aNew DelhibRawat Publicationc2014 a218p aARCHI aUrban Design